000 00544nam a2200193Ia 4500
005 20250326141716.0
008 250326s9999 xx 000 0 und d
020 _a0-7450-0553-5
037 _aTextbook
040 _aFMSL
_beng
_cFMSL
041 _aeng
_2eng
084 _aX:8D N0
_qFMSL
100 _aBuiter W
_9744937
245 0 _aPrinciples of budgetary and ficial policy
_cBuiter W
260 _aNew York
_bNew York, Harvester Wheatsheaf
_c1990
300 _aviii,461
942 _cTB
_hX:8D N0
999 _c1291593
_d1291593